00498 a2200181 450000100060000002000180000604000240002410000190004824000340006724500290010130000060013036200090013644000120014565000310015794200070018895201040019599900170029946684 a9788564816374 cAnchieta - Aquarius aNozomi, Talita10aSe eu fosse uma árvorelpor10aSe eu fosse uma árvore a 0 a2012 1aGaivota 4aLiteratura infanto-juvenil cBK 00104070a87.1b87.1d2023-11-21l0o028.5 NOZ SEEp4735/AQUr2023-11-21 15:13:19w2023-11-21yBK c46684d46684